Quién se ha llevado mi queso? : (Registro nro. 31080)

Detalles MARC
000 -LEADER
fixed length control field 01087nam a22002897a 4500
003 - CONTROL NUMBER IDENTIFIER
control field OSt
005 - DATE AND TIME OF LATEST TRANSACTION
control field 20250924121632.0
008 - FIXED-LENGTH DATA ELEMENTS--GENERAL INFORMATION
fixed length control field 250923t |||a|||| |||| 00| 0 spa d
020 ## - INTERNATIONAL STANDARD BOOK NUMBER
International Standard Book Number 8479533382
037 ## - SOURCE OF ACQUISITION
Source of stock number/acquisition Donación
040 ## - CATALOGING SOURCE
Original cataloging agency CO-JMCR
Transcribing agency CO-JMCR
Language of cataloging spa
Modifying agency CO-JMCR
Description conventions rda
041 1# - LANGUAGE CODE
Language code of text/sound track or separate title spa
Language code of original eng
082 04 - DEWEY DECIMAL CLASSIFICATION NUMBER
Classification number 158.1
Item number J66q
Edition number 23
100 1# - MAIN ENTRY--PERSONAL NAME
Personal name Johnson, Spencer,
Dates associated with a name 1938-2017.
9 (RLIN) 44325
245 10 - TITLE STATEMENT
Title Quién se ha llevado mi queso? :
Remainder of title una manera sorprendente de afrontar el cambio en el trabajo y en la vida privada /
Statement of responsibility, etc. Spencer Johnson ; traducción Montserrat Gurguí.
250 ## - EDITION STATEMENT
Edition statement 7° edición.
264 ## - PRODUCTION, PUBLICATION, DISTRIBUTION, MANUFACTURE, AND COPYRIGHT NOTICE
Place of production, publication, distribution, manufacture Barcelona :
Name of producer, publisher, distributor, manufacturer Ediciones Urano,
-- Ediciones Spencer Johnson,
Date of production, publication, distribution, manufacture, or copyright notice 1999.
300 ## - PHYSICAL DESCRIPTION
Extent 93 páginas :
Other physical details ilustraciones ;
Dimensions 21 cm.
534 ## - ORIGINAL VERSION NOTE
Introductory phrase Título original.
Title statement of original Who moved my cheese?.
650 24 - SUBJECT ADDED ENTRY--TOPICAL TERM
Topical term or geographic name entry element Éxito.
Source of heading or term JMCR
9 (RLIN) 11396
650 24 - SUBJECT ADDED ENTRY--TOPICAL TERM
Topical term or geographic name entry element Estilo de vida.
Source of heading or term JMCR
9 (RLIN) 44313
650 24 - SUBJECT ADDED ENTRY--TOPICAL TERM
Topical term or geographic name entry element Conducta (Psicología)
Source of heading or term JMCR
9 (RLIN) 2472
650 24 - SUBJECT ADDED ENTRY--TOPICAL TERM
Topical term or geographic name entry element Felicidad.
Source of heading or term JMCR
9 (RLIN) 413
650 24 - SUBJECT ADDED ENTRY--TOPICAL TERM
Topical term or geographic name entry element Psicología aplicada.
Source of heading or term JMCR
9 (RLIN) 1188
700 1# - ADDED ENTRY--PERSONAL NAME
Personal name Gurguí, Montserrat,
Relator term traductor.
9 (RLIN) 44326
942 ## - ADDED ENTRY ELEMENTS (KOHA)
Source of classification or shelving scheme Dewey Decimal Classification
Koha item type Books
Existencias
Withdrawn status Lost status Source of classification or shelving scheme Damaged status Not for loan Collection code Home library Current library Shelving location Date acquired Source of acquisition Total Checkouts Full call number Barcode Date last seen Copy number Price effective from Koha item type
    Dewey Decimal Classification     Non-fiction Biblioteca Pública José María del Castillo y Rada Biblioteca Pública José María del Castillo y Rada Book Cart 09/23/2025 Donación   158.1 J66q 201812113 09/23/2025 Ej.1 09/23/2025 Books